Adapting land administration to the institutional framework of customary tenure the case of peri-urban Ghana /
| Main Author: | |
|---|---|
| Corporate Author: | |
| Format: | Thesis Electronic eBook |
| Language: | English Dutch |
| Published: |
Amsterdam, The Netherlands :
IOS Press,
2011.
|
| Series: | ITC publication (Enschede, Netherlands) ;
no. 184. Sustainable urban areas ; 39. |
| Subjects: | |
| Online Access: | Click to View |
| LEADER | 01813nam a2200469 a 4500 | ||
|---|---|---|---|
| 001 | EBC784611 | ||
| 003 | MiAaPQ | ||
| 005 | 20200520144314.0 | ||
| 006 | m o d | | ||
| 007 | cr cn||||||||| | ||
| 008 | 110809s2011 ne abd sb 000 0 eng d | ||
| 010 | |z 2011378249 | ||
| 020 | |z 1607507463 | ||
| 020 | |z 9781607507475 (online) | ||
| 020 | |z 1607507471 (online) | ||
| 020 | |z 9781607507468 | ||
| 020 | |a 9781607507475 (electronic bk.) | ||
| 035 | |a (MiAaPQ)EBC784611 | ||
| 035 | |a (Au-PeEL)EBL784611 | ||
| 035 | |a (CaPaEBR)ebr10506351 | ||
| 035 | |a (CaONFJC)MIL328973 | ||
| 035 | |a (OCoLC)758824856 | ||
| 040 | |a MiAaPQ |c MiAaPQ |d MiAaPQ | ||
| 041 | 1 | |a eng |h dut | |
| 043 | |a f-gh--- | ||
| 050 | 4 | |a HD1022 |b .A75 2011 | |
| 100 | 1 | |a Arko-Adjei, Anthony. | |
| 245 | 1 | 0 | |a Adapting land administration to the institutional framework of customary tenure |h [electronic resource] : |b the case of peri-urban Ghana / |c Anthony Arko-Adjei. |
| 260 | |a Amsterdam, The Netherlands : |b IOS Press, |c 2011. | ||
| 300 | |a 261 p. : |b ill. (some col.), maps (some col.). | ||
| 490 | 1 | |a Sustainable urban areas, |x 1574-6410 ; |v 39 | |
| 490 | 1 | |a ITC dissertation ; |v no. 184 | |
| 502 | |a Thesis (doctoral)--Technische Universiteit Delft, 2011. | ||
| 504 | |a Includes bibliographical references. | ||
| 533 | |a Electronic reproduction. Ann Arbor, MI : ProQuest, 2015. Available via World Wide Web. Access may be limited to ProQuest affiliated libraries. | ||
| 650 | 0 | |a Land use |x Government policy |z Ghana. | |
| 650 | 0 | |a Land use, Urban |z Ghana. | |
| 655 | 4 | |a Electronic books. | |
| 710 | 2 | |a ProQuest (Firm) | |
| 830 | 0 | |a ITC publication (Enschede, Netherlands) ; |v no. 184. | |
| 830 | 0 | |a Sustainable urban areas ; |v 39. | |
| 856 | 4 | 0 | |u https://ebookcentral.proquest.com/lib/matrademy/detail.action?docID=784611 |z Click to View |


